000 00255nam a2200109Ia 4500
008 230627s9999 xx 000 0 und d
041 _amar
082 _a1.64
_bAPA
100 _aApate, M
245 _aInternet Ak Kalpwruksha
260 _bRajhuns Pub
_c1997
999 _c684026
_d684026